Vista normal
Vista MARC
Entrada Personal Name
Número de registros utilizados en: 1
001 - CONTROL NUMBER
- control field: 6040
003 - CONTROL NUMBER IDENTIFIER
- control field: DLC
005 - DATE AND TIME OF LATEST TRANSACTION
- control field: 20260422140554.0
008 - FIXED-LENGTH DATA ELEMENTS
- fixed length control field: 900803n| acannaabn |n aaa c
010 ## - LIBRARY OF CONGRESS CONTROL NUMBER
- LC control number: nr 90013636
035 ## - SYSTEM CONTROL NUMBER
- System control number: (OCoLC)oca02793973
040 ## - CATALOGING SOURCE
- Original cataloging agency: NjP
- Language of cataloging: spa
- Transcribing agency: Mx-PuUPA
- Modifying agency: OCoLC
- Modifying agency: Mx-PuUPA
- Description conventions: rda
100 1# - HEADING--PERSONAL NAME
- Personal name: Garza H., Luis Lauro,
374 ## - OCCUPATION
- Occupation: Autor
375 ## - GENDER
- Gender: hombre
377 ## - ASSOCIATED LANGUAGE
- Language code: spa
670 ## - SOURCE DATA FOUND
- Source citation: His Cristal quebrado, 1988:
- Information found: t.p. (Luis Lauro Garza H.)